000 00820nam a22002777a 4500
001 BR0601229
003 BR-BrBNA
005 20230928102113.0
007 ta
008 230509b bl.||||| |||| 00| 0 por d
020 _aISSN 0102-33-06
040 _aBR-BrBNA
_bpor
_cBiblioteca Nacional de Agricultura
041 _a(Por)
072 _aF70
_b3290
090 _ 3290 BR0601229
110 1 _aSociedade Botânica do Brasil, Rio de Janeiro, RJ (Brasil)
_99614
245 1 _aCenturia plantarum brasiliensium exstintionis minitata
260 3 _aRio de Janeiro, RJ (Brasil):
_c1992.
300 _a176 p.
500 _aSeveral bibliographies; 17 illus.
650 _aESPÉCIE EM EXTINÇÃO
650 _aPAU BRASIL
650 _aDISTRIBUIÇÃO GEOGRÁFICA
909 _a202309
_bLucia
_c55
_dLucia Elande
942 _cBK
999 _c69157
_d69157